Escola Elemental del Treball : ensenyament de primer grau per a obrers ensenyament de primer grau per a obrers
Descripción Física:
22 p., [9] làm. ; 23 cm
Materias:
Escola Elemental del Treball (Barcelona)
MARC
| LEADER | 00000nam a2200000Ia 4500 | ||
|---|---|---|---|
| 001 | 9283 | ||
| 008 | 160829s1917 xx 000 0 cat d | ||
| 080 | |a RF-6-56 | ||
| 100 | |a Escola Elemental del Treball (Barcelona) |9 55345 | ||
| 245 | |a Escola Elemental del Treball : |b ensenyament de primer grau per a obrers | ||
| 260 | |a Barcelona : |b Diputació de Barcelona, Universitat Industrial, |c 1917 | ||
| 300 | |a 22 p., [9] làm. ; |c 23 cm | ||
| 650 | |a Escola Elemental del Treball (Barcelona) |9 55345 | ||
| 710 | 1 | |a Barcelona (Catalunya : Província). |b Diputació |9 52408 | |
| 856 | 4 | |u https://media.diba.cat/diba/fitxers/arxiu/fulletons/bib_9283_1917_baixa.pdf |y Accés lliure | |
| 856 | 4 | |u https://media.diba.cat/diba/fitxers/arxiu/fulletons/bib_9283_1917_baixa.pdf |y Accés lliure | |
| 901 | |a Arxiu | ||
| 942 | |n 1 |2 udc | ||
| 952 | |0 0 |1 0 |4 0 |6 RF656 |7 1 |9 45002 |a Arxiu |b Arxiu |d 2016-12-01 |l 0 |o RF-6-56 |p 9283 |r 2016-12-01 00:00:00 |w 2016-12-01 |y ARXIU | ||
| 999 | |c 47606 |d 47606 | ||
| 900 | |a bib_9283_1917_baixa.pdf | ||